Online
Catalog

Historia y lengua : (Record no. 6639)

MARC details
000 -CABECERA
campo de control de longitud fija 01235nam a2200301 a 4500
001 - NÚMERO DE CONTROL
campo de control 000006851
003 - IDENTIFICADOR DEL NÚMERO DE CONTROL
campo de control DO-SdBNP
005 - FECHA Y HORA DE LA ÚLTIMA TRANSACCIÓN
campo de control 20211124111921.0
008 - DATOS DE LONGITUD FIJA--INFORMACIÓN GENERAL
campo de control de longitud fija 090903s1999 dr 001 0 spa d
040 ## - FUENTE DE LA CATALOGACIÓN
Centro catalogador/agencia de origen DO-SdBNP
Lengua de catalogación spa
Centro/agencia transcriptor BNPHU
082 #4 - NÚMERO DE LA CLASIFICACIÓN DECIMAL DEWEY
Número de clasificación 467.97293
Número de documento/Ítem P438h
Número de edición 22
100 1# - ENTRADA PRINCIPAL--NOMBRE DE PERSONA
Nombre de persona Pérez Guerra, Irene
9 (RLIN) 19025
245 10 - MENCIÓN DE TÍTULO
Título Historia y lengua :
Resto del título la presencia canaria en Santo Domingo. El caso de Sabana de la Mar /
Mención de responsabilidad, etc. Irene Pérez Guerra.
260 ## - PUBLICACIÓN, DISTRIBUCIÓN, ETC.
Lugar de publicación, distribución, etc. Santo Domingo :
Nombre del editor, distribuidor, etc. Patronato de la Ciudad Colonial de Santo Domingo:
-- Centro de Altos Estudios Humanísticos y del Idioma Español,
Fecha de publicación, distribución, etc. 1999.
300 ## - DESCRIPCIÓN FÍSICA
Extensión 624 p. :
Otras características físicas il., gráf. , mapas ;
Dimensiones 28 cm.
500 ## - NOTA GENERAL
Nota general Incluye notas al pie de las páginas.
500 ## - NOTA GENERAL
Nota general Incluye índices
504 ## - NOTA DE BIBLIOGRAFÍA, ETC.
Nota de bibliografía, etc. Bibliografía : p. 479-507
590 ## - NOTA LOCAL (RLIN)
Nota local Inventariado, 2018/LP
650 #4 - PUNTO DE ACCESO ADICIONAL DE MATERIA--TÉRMINO DE MATERIA
Término de materia o nombre geográfico como elemento de entrada Español en República Dominicana
9 (RLIN) 18785
650 #4 - PUNTO DE ACCESO ADICIONAL DE MATERIA--TÉRMINO DE MATERIA
Término de materia o nombre geográfico como elemento de entrada Sabana de la Mar (República Dominicana)
Subdivisión general Historia
9 (RLIN) 19026
650 #4 - PUNTO DE ACCESO ADICIONAL DE MATERIA--TÉRMINO DE MATERIA
Término de materia o nombre geográfico como elemento de entrada Español en la Islas Canarias
9 (RLIN) 19027
650 #4 - PUNTO DE ACCESO ADICIONAL DE MATERIA--TÉRMINO DE MATERIA
Término de materia o nombre geográfico como elemento de entrada Español en el Caribe (Región)
9 (RLIN) 19028
650 #4 - PUNTO DE ACCESO ADICIONAL DE MATERIA--TÉRMINO DE MATERIA
Término de materia o nombre geográfico como elemento de entrada Islas Canarias
Subdivisión general Emigración e inmigración
9 (RLIN) 19029
651 #4 - PUNTO DE ACCESO ADICIONAL DE MATERIA--NOMBRE GEOGRÁFICO
Nombre geográfico Islas Canarias
Subdivisión general Historia
9 (RLIN) 18525
910 ## - DATOS DE OPCIÓN DEL USUARIO (OCLC)
Datos de opción del usuario Validado. Control de calidad MMOLINA
942 ## - ELEMENTOS DE PUNTO DE ACCESO ADICIONAL (KOHA)
Fuente del sistema de clasificación o colocación Dewey Decimal Classification
Tipo de ítem Koha Libro
Holdings
Estado de retiro Estado de pérdida Restricciones de uso No para préstamo Código de colección Localización permanente Ubicación/localización actual Ubicación en estantería Fecha de adquisición Número de inventario Total de préstamos Signatura topográfica completa Código de barras Fecha visto por última vez Número de copia Precio válido a partir de Tipo de ítem Koha
        Dominicana de Servicio General General Depósito 03.09.2009 LF1   467.97293 P438h 6851-30 25.06.2020 e.3 25.06.2020 Libro y Folleto Colección Dominicana de Servicio
        Dominicana de Servicio General General Depósito 03.09.2009 LF1   467.97293 P438h 6851-40 25.06.2020 e.4 25.06.2020 Libro y Folleto Colección Dominicana de Servicio
      Excluido de préstamo Patrimonio Dominicano Patrimonio Dominicano Patrimonio Dominicano Depósito 03.09.2009 LF1   467.97293 P438h 6851-10 25.06.2020   25.06.2020 Libro y Folleto Colección Patrimonio Dominicano
      Excluido de préstamo Patrimonio Dominicano Patrimonio Dominicano Patrimonio Dominicano Depósito 03.09.2009 LF1   467.97293 P438h 6851-20 25.06.2020 e.2 25.06.2020 Libro y Folleto Colección Patrimonio Dominicano

Powered by Koha